| 000 | 00000nam 2200000zi 4500 |
| 001 | 9.940618 |
| 003 | CaOODSP |
| 005 | 20250110125712 |
| 006 | m o d f |
| 007 | cr mn||||||||| |
| 008 | 240716s1973 onca obs f000 0 fre d |
| 040 | |aCaOODSP|bfre|erda|cCaOODSP |
| 043 | |an-cn--- |
| 045 | |ax6x7 |
| 086 | 1 |aId35-20/1972F-PDF |
| 245 | 00|aÉtude sur l'industrie canadienne de la menuiserie. |
| 264 | 1|aOttawa, Canada : |bDirection des produits du bois, Ministère de l'industrie et du commerce, |c1973. |
| 300 | |a1 ressource en ligne (98 pages) : |billustrations |
| 336 | |atexte|btxt|2rdacontent/fre |
| 337 | |ainformatique|bc|2rdamedia/fre |
| 338 | |aressource en ligne|bcr|2rdacarrier/fre |
| 500 | |a"1972." |
| 500 | |a"Information Canada, Ottawa, 1973"--Couverture arrière. |
| 500 | |aÉdition numérisée de l'imprimé [par Innovation, sciences et développement économique Canada]. |
| 504 | |aComprend des références bibliographiques. |
| 650 | 6|aMenuiserie|zCanada. |
| 650 | 6|aProduits du bois|xIndustrie|zCanada. |
| 650 | 6|aMenuiserie|zCanada|vStatistiques. |
| 650 | 6|aProduits du bois|xIndustrie|zCanada|vStatistiques. |
| 650 | 0|aMillwork (Woodwork)|zCanada. |
| 650 | 0|aForest products industry|zCanada. |
| 650 | 0|aMillwork (Woodwork)|zCanada|vStatistics. |
| 650 | 0|aForest products industry|zCanada|vStatistics. |
| 655 | 7|aStatistiques|2rvmgf |
| 655 | 7|aStatistics|2lcgft |
| 710 | 1 |aCanada. |bMinistère de l'industrie et du commerce, |eorganisme de publication. |
| 856 | 40|qPDF|s1.35 Mo|uhttps://publications.gc.ca/collections/collection_2025/isde-ised/Id35-20-1972-fra.pdf |